Bulgaria : 2015 Article IV Consultation-Staff Report; Press Release; and Statement by the Executive Director for Bulgaria.

This 2015 Article IV Consultation highlights that Bulgaria achieved modest economic growth in 2014, which is expected to continue in 2015, albeit at a lower rate. Consumer prices declined by an average 1.6 percent in 2014, among the sharpest contractions in the European Union, but are projected to t...

Descrizione completa

Dettagli Bibliografici
Ente Autore: International Monetary Fund. European Dept
Natura: Periodico
Lingua:English
Pubblicazione: Washington, D.C. : International Monetary Fund, 2015.
Serie:IMF Staff Country Reports; Country Report ; No. 2015/119
Accesso online:Full text available on IMF
LEADER 01848cas a2200241 a 4500
001 AALejournalIMF015231
008 230101c9999 xx r poo 0 0eng d
020 |c 5.00 USD 
020 |z 9781475586961 
022 |a 1934-7685 
040 |a BD-DhAAL  |c BD-DhAAL 
110 2 |a International Monetary Fund.  |b European Dept. 
245 1 0 |a Bulgaria :   |b 2015 Article IV Consultation-Staff Report; Press Release; and Statement by the Executive Director for Bulgaria. 
264 1 |a Washington, D.C. :  |b International Monetary Fund,  |c 2015. 
300 |a 1 online resource (68 pages) 
490 1 |a IMF Staff Country Reports 
500 |a <strong>Off-Campus Access:</strong> No User ID or Password Required 
500 |a <strong>On-Campus Access:</strong> No User ID or Password Required 
506 |a Electronic access restricted to authorized BRAC University faculty, staff and students 
520 3 |a This 2015 Article IV Consultation highlights that Bulgaria achieved modest economic growth in 2014, which is expected to continue in 2015, albeit at a lower rate. Consumer prices declined by an average 1.6 percent in 2014, among the sharpest contractions in the European Union, but are projected to turn positive late in the year. The banking system has shown substantial resilience to the damage to confidence resulting from the bank failure. The budget targets a 3 percent of GDP deficit in 2015, and a further 0.5 percentage point reduction per year in coming years. Measures to improve the composition and quality of expenditure and mitigate contingent liabilities arising from state-owned enterprises remain the key. 
538 |a Mode of access: Internet 
830 0 |a IMF Staff Country Reports; Country Report ;  |v No. 2015/119 
856 4 0 |z Full text available on IMF  |u http://elibrary.imf.org/view/journals/002/2015/119/002.2015.issue-119-en.xml  |z IMF e-Library